Manasika vottadadinda muktaraguvudu hege? (Record no. 104528)

MARC details
000 -LEADER
fixed length control field 00689nam a2200205Ia 4500
003 - CONTROL NUMBER IDENTIFIER
control field OSt
005 - DATE AND TIME OF LATEST TRANSACTION
control field 20260605123316.0
008 - FIXED-LENGTH DATA ELEMENTS--GENERAL INFORMATION
fixed length control field 210210b2000 xxu||||| |||| 00| 0 eng d
040 ## - CATALOGING SOURCE
Transcribing agency AL
041 ## - LANGUAGE CODE
Language code of text/sound track or separate title Kannada
082 ## - DEWEY DECIMAL CLASSIFICATION NUMBER
Classification number 157.9K KATM
100 ## - MAIN ENTRY--PERSONAL NAME
Personal name KATTIMANI (R V).
Dates associated with a name ಕಟ್ಟೀಮನಿ ಆರ್ ವಿ
9 (RLIN) 265353
245 ## - TITLE STATEMENT
Title Manasika vottadadinda muktaraguvudu hege?
Remainder of title ಮಾನಸಿಕ ಒತ್ತಡದಿಂದ ಮುಕ್ತರಾಗುವುದು ಹೇಗೆ?
260 ## - PUBLICATION, DISTRIBUTION, ETC.
Place of publication, distribution, etc. Hubballi
Name of publisher, distributor, etc. Sahitya Prakashana
Date of publication, distribution, etc. 2000
300 ## - PHYSICAL DESCRIPTION
Extent vi,126
650 ## - SUBJECT ADDED ENTRY--TOPICAL TERM
Topical term or geographic name entry element Manasika Ottada Mental Stress
9 (RLIN) 265354
690 ## - LOCAL SUBJECT ADDED ENTRY--TOPICAL TERM (OCLC, RLIN)
Topical term or geographic name as entry element Clinical Psychology
9 (RLIN) 265355
906 ## - LOCAL DATA ELEMENT F, LDF (RLIN)
a 056938
942 ## - ADDED ENTRY ELEMENTS (KOHA)
Source of classification or shelving scheme Dewey Decimal Classification
Koha item type Book
Holdings
Withdrawn status Lost status Source of classification or shelving scheme Damaged status Not for loan Collection code Home library Current library Shelving location Date acquired Source of acquisition Cost, normal purchase price Total Checkouts Full call number Barcode Date last seen Price effective from Koha item type
    Dewey Decimal Classification     Psychology St Aloysius Library St Aloysius Library   02/17/2021 Athree Book Centre, Mangalore-01. 39.00   157.9K KATM 056938 02/17/2021 02/17/2021 Book